| 000 | 00864nam a2200205 4500 | ||
|---|---|---|---|
| 008 | 070704s2006 njua b 001 0 eng | ||
| 020 | _a1596380063 :L4.33 (ELT/Langham Lit.) | ||
| 090 |
_aBS1555.2 _bSch9h |
||
| 100 | 1 |
_aSchwab, George M., _d1961- |
|
| 245 | 1 | 0 |
_aHope in the midst of a hostile world : _bthe Gospel according to Daniel / _cGeorge M. Schwab. |
| 260 |
_aPhillipsburg, N.J. : _bP&R Pub., _cc2006. |
||
| 300 |
_axiv, 196 p. : _bill. ; _c22 cm. |
||
| 490 | 1 | _aThe Gospel according to the Old Testament | |
| 504 | _aIncludes bibliographical references (p. 183-191) and index. | ||
| 630 | 0 | 4 |
_aBible. _pN.T. _xRelation to Daniel. |
| 630 | 0 | 4 |
_aBible. _pO.T. _pDaniel _xCriticism, interpretation, etc. |
| 630 | 0 | 4 |
_aBible. _pO.T. _xRelation to the New Testament. |
| 951 |
_p30831 _x00035055 _oBS1555.2/Sch9h _j070704153247218 _d2000-12-21 _cGC |
||
| 999 |
_c29554 _d29554 |
||